000 00426cam a2200181 4500
001 D2210
008 090401t1977 xxu||||| |||| 00| 0 eng d
035 _a(Sirsi) u68075
041 _aeng
050 _a035.1
245 _aCassell`s Italian-English, English-Italian dictionary
250 _a7th
260 _aLondon
_bCassell
_c1977
300 _axxi. 1128p. 22cm
350 _a5.95
942 _n0
948 _c04/03/1997
999 _c95071
_d95071